Cycling Name the Cyclists - Statistics

General Stats
  • This quiz has been taken 385 times
  • The average score is 7 of 12
Answer Stats
Picture Hint Answer % Correct
Peter the Great Peter Sagan
99%
The Manx Missile Mark Cavendish
84%
DON'T TOUCH ME! Cadel Evans
69%
No I'm Spartacus Fabian Cancellara
69%
Tipped as the next Boonen Tiesj Benoot
58%
The Eternal Second Raymond Poulidor
57%
Der Kaiser Jan Ullrich
56%
Purito Joaquim Rodriguez
52%
The Cannibal's Son (first name needed) Axel Merckx
46%
The Professor Laurent Fignon
46%
Champion of Champions Fausto Coppi
45%
Robocop Vasil Kiryienka
19%
No matching quizzes found
Score Distribution
Percent of People with Each Score
Percentile by Number Answered
Your Score History
You have not taken this quiz